| 000 | 00715cam a2200229 4500 | ||
|---|---|---|---|
| 008 | 010921n2004 000 0 eng u | ||
| 020 | _a0415323673 | ||
| 035 | _a(Sirsi) u123363 | ||
| 050 |
_a712.3 _c18 |
||
| 110 |
_aDavis Langdon and Everest _91155 |
||
| 245 | _aSpon's landscape and external works price book 2004 | ||
| 250 | _a23rd ed. | ||
| 260 |
_aLondon _bSpon Press _c2004 |
||
| 300 | _axxix,418p. ; 25cm | ||
| 350 | _a90 | ||
| 520 | _aAlso available on CD-ROM which is not available for loan. Please ask at the enquiry desk for more details | ||
| 650 | _aEXTERNAL WORKS | ||
| 650 | _aLANDSCAPING | ||
| 650 | _aBUILDING PRICE BOOKS | ||
| 690 | _aBUILT ENVIRONMENT-BUILDING COSTS | ||
| 942 | _n0 | ||
| 999 |
_c103028 _d103028 |
||